1154 1873 1552 1007 1289 1564 1802 1170 1728 1358 1212 1753 1726 1074 1516 1242 1013 1904 1365 1850 1790 1324 1382 1910 1997 1141 1872 1270 1053 1957 1784 1239 1312 1362 1054 1333 1625 1435 1150 1116 1614 1356 1152 1082 1971 1776 1237 1551 1158 1228 1125 1057 1217 1758 1838 1516 1131 1937 1499 1490 1057 1223 1280 1845 1687 1652 1634 1563 1201 1219 1194 1491 1608 1610 1445 1575 1365 1797 1573 1084 1714 1072 1444 1198 1957 1685 1153 1476 1602 1867 1185 1550 1240 1195 1989 1073 1015 1049 1781 BCNSPRNW ULIB Ver.6.0+V

เปลี่ยนเป็นภาษาไทย

Change to English
 แสดงรายละเอียดบรรณานุกรม
  กลับหน้าหลัก

Brief Record : Get Marc (ISO 2709) : E-mail record : QR code < ปิดหน้าต่าง
LEADER : 00000nam 2200000uu 4500
001    13399121627
003     ULIB
008    121128s2552||||th 000 0 tha d
020    ^a9740152317
060  4 ^aWS113^bว618ค
100 0  ^aวินัดดา ปิยะศิลป์
245 00 ^aคู่มือการเลี้ยงลูกตอน วัย 6-12 ปี/^cวินัดดา ปิยะศิลป์,บรรณาธิการ
250    ^aพิมพ์ครั้งที่ 1
260    ^aกรุงเทพฯ:^bสถาบันสุขภาพเด็กแห่งชาติมหาราชินี,^c2552
300    ^a110 หน้า
650  7 ^aการเลี้ยงลูก
650  7 ^aพพัฒนาการ
710 2  ^aกรมการแพทย์.^bสถาบันสุขภาพเด็กแห่งชาติมหาราชินี
945    ^p0^l0^i15798
945    ^p0^l0^i15799
995    ^aวิภา
999 ^a ใช้งานได้ทุกระบบ
รายการนี้ยังไม่มีแท็ก
คุณยังไม่ได้ล็อกอิน คุณสามารถมีกิจกรรมร่วมกับเว็บไซต์ได้ แต่ต้องล็อกอินก่อน ::
  ล็อกอิน

รายการสื่อสารสนเทศ

ลำดับที่ ประเภท เลขเรียก/บาร์โค้ด สถานที่ สถานะ
1. วิทยาศาสตร์การแพทย์ และสุขภาพ
วิทยาศาสตร์การแพทย์ และสุขภาพ
WS113 ว618ค  
  Barcode: 15798
ห้องสมุดวิทยาเขตสวรรค์ประชารักษ์
►หนังสือทั่วไป
บนชั้น
2. วิทยาศาสตร์การแพทย์ และสุขภาพ
วิทยาศาสตร์การแพทย์ และสุขภาพ
WS113 ว618ค ฉ.2 
  Barcode: 15799
ห้องสมุดวิทยาเขตสวรรค์ประชารักษ์
►หนังสือทั่วไป
บนชั้น

รายการใกล้เคียง
    ผู้แต่ง [วินัดดา ปิยะศิลป์]

    หัวเรื่อง [การเลี้ยงลูก]
    หัวเรื่อง [พพัฒนาการ]

BibComment


ยังไม่เคยถูกคอมเมนท์

คอมเมนท์ทรัพยากรรายการนี้
  คอมเมนท์: คู่มือการเลี้ยงล..


 Copyright 2026. Bcnsprnw @Library